Approaches to the study of social structure / (Record no. 118323)
[ view plain ]
| 000 -LEADER | |
|---|---|
| fixed length control field | 01029cam a2200325 i 4500 |
| 001 - CONTROL NUMBER | |
| control field | 1216232 |
| 003 - CONTROL NUMBER IDENTIFIER | |
| control field | ARRUPE |
| 005 - DATE AND TIME OF LATEST TRANSACTION | |
| control field | 20140603020005.0 |
| 008 - FIXED-LENGTH DATA ELEMENTS--GENERAL INFORMATION | |
| fixed length control field | 750528s1975 nyu b 001 0 eng |
| 010 ## - LIBRARY OF CONGRESS CONTROL NUMBER | |
| LC control number | 75002809 |
| 020 ## - INTERNATIONAL STANDARD BOOK NUMBER | |
| International Standard Book Number | 0029036518 : |
| Terms of availability | $12.95 |
| 035 ## - SYSTEM CONTROL NUMBER | |
| System control number | (OCoLC)ocm01500028 |
| 035 ## - SYSTEM CONTROL NUMBER | |
| System control number | (NNC)1216232 |
| 040 ## - CATALOGING SOURCE | |
| Original cataloging agency | DLC |
| Transcribing agency | DLC |
| Modifying agency | OCL |
| -- | m.c. |
| -- | CHS |
| -- | ZCU |
| 050 0# - LIBRARY OF CONGRESS CALL NUMBER | |
| Classification number | HM131 |
| Item number | .A63 |
| 300 ## - PHYSICAL DESCRIPTION | |
| Dimensions | 24 cm. |
| 100 ## - MAIN ENTRY--PERSONAL NAME | |
| Personal name | Blau, Peter Michael |
| 9 (RLIN) | 2428 |
| 245 00 - TITLE STATEMENT | |
| Title | Approaches to the study of social structure / |
| Statement of responsibility, etc | edited by Peter M. Blau. |
| 260 ## - PUBLICATION, DISTRIBUTION, ETC. (IMPRINT) | |
| Place of publication, distribution, etc | New York : |
| Name of publisher, distributor, etc | Free Press, |
| Date of publication, distribution, etc | [1975] |
| 300 ## - PHYSICAL DESCRIPTION | |
| Extent | ix, 294 p. ; |
| 500 ## - GENERAL NOTE | |
| General note | "A Publication of the American Sociological Association." |
| 500 ## - GENERAL NOTE | |
| General note | Includes indexes. |
| 504 ## - BIBLIOGRAPHY, ETC. NOTE | |
| Bibliography, etc | Bibliography: p. 254-283. |
| 650 #0 - SUBJECT ADDED ENTRY--TOPICAL TERM | |
| Topical term or geographic name as entry element | Social structure. |
| 9 (RLIN) | 2429 |
| 650 #0 - SUBJECT ADDED ENTRY--TOPICAL TERM | |
| Topical term or geographic name as entry element | Sociology |
| General subdivision | Methodology. |
| 9 (RLIN) | 2430 |
| 650 #2 - SUBJECT ADDED ENTRY--TOPICAL TERM | |
| Topical term or geographic name as entry element | Sociology |
| Form subdivision | Essays. |
| 9 (RLIN) | 2431 |
| 700 1# - ADDED ENTRY--PERSONAL NAME | |
| Personal name | Blau, Peter Michael. |
| 9 (RLIN) | 2432 |
| 710 2# - ADDED ENTRY--CORPORATE NAME | |
| Corporate name or jurisdiction name as entry element | American Sociological Association. |
| 9 (RLIN) | 2433 |
| 942 ## - ADDED ENTRY ELEMENTS (KOHA) | |
| Source of classification or shelving scheme | Library of Congress Classification |
| Koha item type | Monograph ( Printed materials) |
| Koha issues (borrowed), all copies | 1 |
| Withdrawn status | Lost status | Source of classification or shelving scheme | Damaged status | Not for loan | Collection code | Home library | Current library | Shelving location | Date acquired | Total Checkouts | Full call number | Barcode | Date last seen | Date checked out | Price effective from | Koha item type |
|---|---|---|---|---|---|---|---|---|---|---|---|---|---|---|---|---|
| Library of Congress Classification | Main Collection | ARRUPE LIBRARY | ARRUPE LIBRARY | Main Collection | 10/10/2013 | 2 | HM131 .A63 | 46410785 | 30/04/2018 | 30/03/2016 | 10/10/2013 | Monograph ( Printed materials) |